MINE SAFETY SCIENCE AND ENGINEERING : Health and desaster management (Record no. 8820)

MARC details
000 -LEADER
fixed length control field 00464nam a22001697a 4500
005 - DATE AND TIME OF LATEST TRANSACTION
control field 20250911123908.0
008 - FIXED-LENGTH DATA ELEMENTS--GENERAL INFORMATION
fixed length control field 250910b |||||||| |||| 00| 0 eng d
020 ## - INTERNATIONAL STANDARD BOOK NUMBER
ISBN 978-1-138-06149-1
041 ## - LANGUAGE CODE
Language code of text/sound track or separate title eng
082 ## - DEWEY DECIMAL CLASSIFICATION NUMBER
Classification number 622.82 TRIP-M
100 ## - MAIN ENTRY--AUTHOR NAME
Personal name TRIPATHI, DEBI PRASAD
245 ## - TITLE STATEMENT
Title MINE SAFETY SCIENCE AND ENGINEERING : Health and desaster management
260 ## - PUBLICATION, DISTRIBUTION, ETC. (IMPRINT)
Place of publication NEW YORK
Name of publisher C.R.S PRESS
Year of publication 2020
300 ## - PHYSICAL DESCRIPTION
Number of Pages 404;P
650 ## - SUBJECT ADDED ENTRY--TOPICAL TERM
Topical Term MIINING
942 ## - ADDED ENTRY ELEMENTS (KOHA)
Koha item type Books
Holdings
Lost status Damaged status Collection code Home library Current library Date acquired Source of acquisition Cost, normal purchase price Full call number Accession Number Koha item type
    MINING JRU Library JRU Library 10/09/2025 PURCHASE 19965.00 622.82 28882 Books